[Event "MCR mladeze 2019 - FIDE Open"]
[Site "Kouty nad Desnou"]
[Date "2019.03.14"]
[Round "7"]
[White "Cibikova, Sofia Anna"]
[Black "Malinovsky, Petr"]
[Result "1/2-1/2"]
[WhiteElo "1812"]
[BlackElo "2007"]
[EventDate "2019.03.09"]

1. e4  c5  2. Nc3  g6
3. g3  Nc6  4. Bg2
Bg7  5. d3  d6
6. Be3  f5  7. f4  Nf6
8. h3  Be6  9. Nge2
Qd7  10. Nd5  Bf7
11. Rb1  e6  12. Nxf6+
Bxf6  13. O-O  O-O
14. Qd2  Rad8  15. c3
b6  16. Rbd1  Qc8
17. Qc1  Ne7  18. b3
Bg7  19. Bf2  Kh8
20. Rfe1  Bg8  21. exf5
gxf5  22. d4  Ng6
23. Qb1  e5  24. dxe5
dxe5  25. fxe5  Bxe5
26. c4  Be6  27. Qc1
Rxd1  28. Rxd1  f4
29. gxf4  Bxh3  30. fxe5
Qg4  31. Ng3  Bxg2
32. e6  Ba8  33. Qc3+
Kg8  34. Rd7  Nf4
35. Qe5  Nh3+  36. Kf1
Rxf2+  37. Ke1  Rf8
38. e7  Qxd7  39. exf8=Q+ Kxf8
40. Qh8+  Kf7  41. Qxh7+
Ke8  42. Qh8+  Kf7
1/2-1/2

[Event "MCR mladeze 2019 - FIDE Open"]
[Site "Kouty nad Desnou"]
[Date "2019.03.14"]
[Round "7"]
[White "Lajbl, Jan"]
[Black "Vlkova, Anezka"]
[Result "0-1"]
[WhiteElo "1966"]
[BlackElo "1951"]
[EventDate "2019.03.09"]

1. d4  Nf6  2. c4  g6 3. Nc3
Bg7  4. Nf3  O-O
5. g3  d6  6. Bg2
Nc6  7. d5  Na5
8. Nd2  c5  9. Qc2  a6
10. O-O  b5  11. cxb5
axb5  12. Nxb5  Rb8
13. Nc3  Bf5  14. e4
Bc8  15. f4  Nd7
16. Bh3  Ba6  17. Re1
c4  18. Nf3  Nc5
19. Be3  Nd3  20. Reb1
Rb4  21. a3  Rb3
22. Nd2  Rb7  23. Bf1
Qc7  24. Nf3  Rfb8
25. Ra2  Nb3  26. Kg2
Nbc5  27. Ne1  Rxb2
28. Raxb2  Rxb2  29. Bxd3
Nxd3  0-1

[Event "MCR mladeze 2019 - FIDE Open"]
[Site "Kouty nad Desnou"]
[Date "2019.03.14"]
[Round "7"]
[White "Vaculik, Martin"]
[Black "Skalka, Jan"]
[Result "1/2-1/2"]
[WhiteElo "1562"]
[BlackElo "1904"]
[EventDate "2019.03.09"]

1. d4  Nf6  2. c4  e6
3. Nf3  d5  4. g3
Bd6  5. Bg2  O-O
6. O-O  Nc6  7. Nc3
dxc4  8. e4  e5
9. Bg5  Bg4  10. dxe5  Nxe5
11. Nd5  Be7  12. Nxf6+
gxf6  13. Qxd8  Nxf3+
14. Bxf3  Rfxd8  15. Bxg4
fxg5  16. Rad1  Bf6
17. b3  c3  18. Bf5
Be5  19. Rd5  Rxd5
20. exd5  Rd8  21. Be4
c6  22. dxc6  bxc6
23. Rc1  Rd2  24. Rc2
Bd4  25. Rxd2  cxd2
26. Bc2  Kg7  27. Kf1
h5  28. Ke2  Bc3
29. a3  c5  30. Kd3
Ba5  31. f3  g4
32. fxg4  hxg4  33. Kc4  Kf6
34. Kd5  Kg5  35. Ke4
f6  36. Ke3  f5
37. Bd1  Kf6  38. Bc2  Ke5
39. Bd1  Bc3  40. Bc2
Bd4+  41. Kxd2  Bg1
42. Ke2  Bxh2  43. Kf2
f4  44. gxf4+  Bxf4
45. Bd3  a5  46. a4
Kd4  1/2-1/2

[Event "MCR mladeze 2019 - FIDE Open"]
[Site "Kouty nad Desnou"]
[Date "2019.03.14"]
[Round "7"]
[White "Novotna, Tereza"]
[Black "Dejmal, Ondrej"]
[Result "1-0"]
[WhiteElo "1846"]
[BlackElo "1557"]
[EventDate "2019.03.09"]

1. d4  Nf6  2. Nf3  b6
3. Bf4  Bb7  4. e3
g6  5. Be2  Bg7
6. h3  O-O  7. O-O  d6
8. Nbd2  Nbd7  9. c3
c5  10. Bh2  Rc8
11. a4  Nd5  12. e4
Nc7  13. d5  f5
14. c4  Bxb2  15. Rb1  Bg7
16. exf5  Rxf5  17. Bd3
Rf8  18. Re1  Nf6
19. Qe2  Re8  20. Ng5
Rb8  21. f4  Bc8
22. f5  gxf5  23. Ne6
Nxe6  24. dxe6  Ne4
25. Nxe4  fxe4  26. Qxe4
Bd4+  27. Kh1  1-0

[Event "MCR mladeze 2019 - FIDE Open"]
[Site "Kouty nad Desnou"]
[Date "2019.03.14"]
[Round "7"]
[White "Klubal, Jiri"]
[Black "Janik, Marek Tobias"]
[Result "1-0"]
[WhiteElo "1791"]
[BlackElo "1676"]
[EventDate "2019.03.09"]

1. e4  c5  2. Nf3  Nc6
3. c4  d6  4. d4
Bg4  5. d5  Ne5
6. Be2  Bxf3  7. Bxf3  Nf6
8. Nc3  g6  9. Be2
Bg7  10. O-O  O-O
11. f4  Ned7  12. Be3
Ne8  13. Bg4  f5
14. exf5  gxf5  15. Bh3
Nb6  16. Qe2  Kh8
17. Bf2  Nc7  18. Rae1
Rf7  19. Bh4  Nc8
20. Qc2  Qf8  21. Kh1
Nb6  22. Nd1  Re8
23. Ne3  e6  24. dxe6
Nxe6  25. Nxf5  Nd4
26. Nxd4  Rxe1  27. Rxe1
Bxd4  28. Bg3  Be5
29. f5  Bxg3  30. hxg3
Qg7  31. Re8+  Rf8
32. Rxf8+  Qxf8  33. Qc3+
Kg8  34. b3  Nd7
35. Qf3  b6  36. Qd5+
Kh8  37. Qb7  Ne5
38. Qxa7  1-0

[Event "MCR mladeze 2019 - FIDE Open"]
[Site "Kouty nad Desnou"]
[Date "2019.03.14"]
[Round "7"]
[White "Jerabkova, Julia"]
[Black "Gemsa, Pavel"]
[Result "0-1"]
[WhiteElo "1695"]
[BlackElo "1884"]
[EventDate "2019.03.09"]

1. d4  Nf6  2. c4  e6
3. Nc3  Bb4  4. e3
c5  5. Nge2  O-O
6. Bd2  b6  7. a3
Bxc3  8. Nxc3  Bb7
9. f3  Nh5  10. g3
cxd4  11. exd4  Qf6
12. d5  exd5  13. cxd5
Re8+  14. Kf2  Qd4+
15. Kg2  Bxd5  16. Nxd5
Qxd5  17. Bc3  Qg5
18. Qd2  Qxd2+  19. Bxd2
Nc6  20. Bc4  Nf6
21. Bc3  d5  22. Bb5
Re6  23. Rad1  Rd8
24. Rd2  Ne7  25. Rhd1
Nf5  26. Bxf6  Ne3+
27. Kg1  Rxf6  28. Re1
Rxf3  29. Bc6  g6
30. Rde2  Rf6  31. Bb5
d4  32. Rd2  Rdd6
33. Rc1  h5  34. Rc7
a5  35. Re7  Rfe6
36. Rc7  g5  37. Rf2
f5  38. Ba4  Kf8
39. Rc8+  Kg7  40. h3
d3  41. Bb3  Re7
42. Rd2  f4  43. Rg8+
Kf6  44. Rf8+  Ke5
45. Rg8  Kf5  46. gxf4
gxf4  47. Kf2  Ke4
48. Rg5  Re5  49. Rg7
Nf5  50. Rg8  f3
51. Rg1  Nd4  52. Ba2
Kf4  53. Rgd1  Re2+
54. Kf1  Rxd2  55. Rxd2
Ke3  56. Ke1  Nc2+
0-1

[Event "MCR mladeze 2019 - FIDE Open"]
[Site "Kouty nad Desnou"]
[Date "2019.03.14"]
[Round "7"]
[White "Stastny, Jakub"]
[Black "Janouch, Jachym Stepan"]
[Result "1/2-1/2"]
[WhiteElo "1785"]
[BlackElo "1675"]
[EventDate "2019.03.09"]

1. d4  d5  2. c4  e6
3. Nc3  Nf6  4. Bg5
Nbd7  5. Nf3  c6
6. e3  Qa5  7. Nd2
dxc4  8. Bxf6  Nxf6
9. Nxc4  Qc7  10. Bd3
Be7  11. O-O  O-O
12. Qc2  h6  13. Ne5
c5  14. Nf3  b6
15. Nb5  Qb7  16. dxc5  Bxc5
17. Rac1  Bd7  18. Rfd1
Rac8  19. Qe2  Qb8
20. a3  a6  21. Nbd4
a5  22. Nb5  Rfd8
23. h3  Bc6  24. Rc2
Rxd3  25. Qxd3  Be4
26. Qc3  Bxc2  27. Qxc2
Bxa3  28. Qb3  Bb4
29. Nfd4  Bc5  30. Ra1
Bxd4  31. Nxd4  Qc7
32. Rd1  Nd5  33. Ra1
Qc4  34. Qd1  Qb4
35. b3  Rc3  36. Qf3
Qc5  37. Kh2  Qd6+
38. g3  Qc5  39. Rd1
b5  40. Qe4  Nf6
41. Qa8+  Kh7  42. Rb1
b4  43. Qb7  Qc7
44. Qf3  Rc5  45. Rd1
Nd5  46. Qe4+  g6
47. Nxe6  fxe6  48. Qxe6
Qe7  49. Qg4  Nf6
50. Qe2  Rc3  51. Qb5
Rxb3  52. Qxa5  Rb2
53. Kg1  b3  54. Qc3
Rc2  1/2-1/2

[Event "MCR mladeze 2019 - FIDE Open"]
[Site "Kouty nad Desnou"]
[Date "2019.03.14"]
[Round "7"]
[White "Urbanova, Daniela"]
[Black "Kanka, Matej"]
[Result "1-0"]
[WhiteElo "1786"]
[BlackElo "1975"]
[EventDate "2019.03.09"]

1. e4  d5  2. exd5  Nf6
3. d4  Nxd5  4. c4
Nf6  5. Nf3  Bg4
6. Be2  c6  7. O-O
e6  8. Nc3  Bd6
9. Ne5  Bxe2  10. Qxe2  h6
11. Bf4  O-O  12. Rad1
Qe7  13. Rd3  a6
14. Qd2  Kh7  15. Rh3
h5  16. Bg5  g6
17. Qf4  Nbd7  18. g4  Rh8
19. gxh5  gxh5  20. Ne4
Rag8  21. Kh1  Rg6
22. Nxg6  Bxf4  23. Nxe7
1-0

[Event "MCR mladeze 2019 - FIDE Open"]
[Site "Kouty nad Desnou"]
[Date "2019.03.14"]
[Round "7"]
[White "Cipl, Jan"]
[Black "Broz, Petr"]
[Result "0-1"]
[WhiteElo "1626"]
[BlackElo "1883"]
[EventDate "2019.03.09"]

1. e4  e6  2. d4  c5
3. Nf3  d5  4. exd5
exd5  5. Nc3  Nf6
6. Bg5  Be7  7. dxc5
O-O  8. Bb5  Bxc5
9. O-O  Nc6  10. Bxf6
Qxf6  11. Qxd5  Be7
12. Rfe1  Be6  13. Qe4
Rac8  14. Bxc6  Rxc6
15. Ne5  Bf5  16. Nd5
Bxe4  17. Nxf6+  Bxf6
18. Nxc6  Bxc6  19. c3
Rd8  20. Rad1  Rxd1
21. Rxd1  Kf8  22. Re1
Bd5  23. a3  Be7
24. f3  Bc5+  25. Kh1
Be6  0-1

[Event "MCR mladeze 2019 - FIDE Open"]
[Site "Kouty nad Desnou"]
[Date "2019.03.14"]
[Round "7"]
[White "Hradek, Matyas"]
[Black "Sojma, Zdenek"]
[Result "1/2-1/2"]
[WhiteElo "1477"]
[BlackElo "1841"]
[EventDate "2019.03.09"]

1. e4  c6  2. d4  d5
3. Nc3  dxe4  4. Nxe4
Bf5  5. Ng3  Bg6
6. Nf3  h6  7. Bd3
Bxd3  8. Qxd3  Nd7
9. Bd2  e6  10. O-O-O
Ngf6  11. h3  Qb6
12. Ne4  Be7  13. Rhe1
Nd5  14. Kb1  Rd8
15. a3  N7f6  16. Nc3
Nxc3+  17. Qxc3  Nd5
18. Qa5  O-O  19. Qxb6
Nxb6  20. Ba5  Bf6
21. c3  Rc8  22. Bxb6
axb6  23. Ne5  Rfd8
24. Nc4  b5  25. Ne3
Rd6  26. Kc2  Rcd8
27. g3  g6  28. Ng4
Bg7  29. Ne5  g5
30. Nf3  Rd5  31. g4
Kf8  32. Ne5  Ke7
33. Nd3  b6  34. f4
gxf4  35. Nxf4  R5d6
1/2-1/2

[Event "MCR mladeze 2019 - FIDE Open"]
[Site "Kouty nad Desnou"]
[Date "2019.03.14"]
[Round "7"]
[White "Stocek, Martin"]
[Black "Rakovsky, Jakub"]
[Result "1-0"]
[WhiteElo "1704"]
[BlackElo "1727"]
[EventDate "2019.03.09"]

1. d4  d5  2. c4  c6
3. Nc3  e6  4. Bf4
Nf6  5. e3  Nbd7
6. Nf3  Qa5  7. Nd2
Be7  8. Rc1  O-O
9. Bd3  Re8  10. O-O
Bb4  11. Nb3  Qd8
12. cxd5  exd5  13. a3
Bxc3  14. bxc3  Qe7
15. a4  h6  16. c4
dxc4  17. Bxc4  Nb6
18. Nd2  Nbd5  19. Bg3
Bg4  20. Qb3  Rad8
21. a5  c5  22. Bb5
cxd4  23. Bxe8  dxe3
24. Bxf7+  Kxf7  25. Rc7
exd2  26. Rxe7+  Kxe7
27. f3  Nc3  28. Qxc3
d1=Q  29. Rxd1  Rxd1+
30. Be1  Bd7  31. Qe3+
Kd8  32. h3  Nd5
33. Qe5  b6  34. Kh2
Nf6  35. Bb4  Rd5
36. Qb8+  Bc8  37. Qxa7
Rd7  38. Qxb6+  Ke8
39. a6  Nd5  40. Qe6+
Kd8  41. Ba5+  Nc7
42. Qg8+  1-0

[Event "MCR mladeze 2019 - D10"]
[Site "Kouty nad Desnou"]
[Date "2019.03.15"]
[Round "8"]
[White "Lackova, Ludmila"]
[Black "Zadrapova, Amalie"]
[Result "0-1"]
[WhiteElo "1100"]
[BlackElo "1317"]
[EventDate "2019.03.09"]

1. e4  c5  2. c3  d6
3. d4  cxd4  4. cxd4
Nf6  5. Nc3  g6
6. Nf3  Bg7  7. Be2  O-O
8. O-O  Nc6  9. Bf4
b6  10. Rc1  Bb7
11. Re1  Rc8  12. Qd2
Qd7  13. Bb5  a6
14. Bd3  Rfd8  15. Nd5
Nxd5  16. exd5  Nxd4
17. Nxd4  Bxd4  18. Rxc8
Rxc8  19. Be2  Bg7
20. Qd1  Bxb2  21. Bg4
f5  22. Bf3  Rc4
23. Bh6  Qa4  24. Qxa4
Rxa4  25. g3  Be5
26. Rc1  Ra3  27. Bg2
Rc3  28. Rb1  b5
29. Bh3  Bxd5  30. Rd1
Bxa2  31. Rd2  Bc4
32. Rd1  b4  33. Bd2
Rd3  34. Bf1  Rd4
35. Bxc4+  Rxc4  36. Rb1
a5  37. Kf1  Bc3
38. Bc1  a4  39. Bh6
a3  40. Rd1  a2
41. Kg2  a1=Q 42. Rxa1 Bxa1  43. Bg5
b3  44. Be3  b2
45. Kf3  b1=Q  46. Kg2  Qb7+
47. f3  Rc2+  48. Bf2
Qb6  49. Kh3  Qxf2
50. Kh4  Bf6+  51. Kh3 Qxh2# 0-1

[Event "MCR mladeze 2019 - D10"]
[Site "Kouty nad Desnou"]
[Date "2019.03.15"]
[Round "8"]
[White "Horkova, Tereza"]
[Black "Svrchokrylova, Ludmila"]
[Result "1/2-1/2"]
[WhiteElo "1346"]
[BlackElo "1098"]
[EventDate "2019.03.09"]

1. e4  e5  2. Nf3  Nc6
3. Bc4  Bc5  4. c3
Nf6  5. d4  exd4
6. cxd4  Bb4+  7. Bd2
Bxd2+  8. Nbxd2  d5
9. exd5  Nxd5  10. O-O
Be6  11. Qb3  b6
12. Qb5  Qd7  13. Rfe1
O-O-O  14. Qa6+  Kb8
15. Ne5  Qd6  16. Nxc6+
Qxc6  17. Bb5  Qb7
18. Qa4  a5  19. a3
Qa7  20. b4  Nc3
21. Qc2  Nxb5  22. bxa5
Qxa5  23. Rec1  Qa7
24. Nf3  Bg4  25. a4
Nxd4  26. Nxd4  Rxd4
27. a5  b5  28. Rcb1
Qa6  29. Qc5  Rhd8
30. Rxb5+  Kc8  1/2-1/2

[Event "MCR mladeze 2019 - D10"]
[Site "Kouty nad Desnou"]
[Date "2019.03.15"]
[Round "8"]
[White "Barteckova, Valerie"]
[Black "Micova, Barbora"]
[Result "1-0"]
[WhiteElo "1159"]
[BlackElo "1103"]
[EventDate "2019.03.09"]

1. e4  e5  2. Nf3  Nc6
3. Nc3  g6  4. Bb5
Bg7  5. d3  Nge7
6. O-O  O-O  7. Bd2
d6  8. h3  Be6
9. Re1  a6  10. Ba4  b5
11. Bb3  Na5  12. Nd5
Nxb3  13. Nxe7+  Qxe7
14. axb3  c6  15. Bc3
f6  16. d4  Qd7
17. dxe5  fxe5  18. Re3 Bh6  19.
Rd3  Rad8  20. Nxe5  Qc8
21. Rxd6  Rxd6  22. Qxd6
Bf7  23. Qxc6  Qxc6
24. Nxc6  Re8  25. f3
Be3+  26. Kf1  h5
27. Rxa6  h4  28. Nd4
b4  29. Bxb4  Bxd4
30. Bc3  Bxc3  31. bxc3
Rc8  32. c4  Rb8
33. Kf2  Rd8  34. Ke3
g5  35. c5  Rc8
36. c6  Be8  37. f4  gxf4+
38. Kxf4  Bxc6  39. e5
Bxg2  40. Rg6+  Kh7
41. Rxg2  Rf8+  42. Ke4
Re8  43. c4  Rb8
44. Rb2  Re8  45. c5
Rc8  46. b4  Kg6
47. Kd4  Rd8+  48. Kc4
Re8  49. Re2  Kf5
50. c6  Ke6  51. b5
Rc8  52. Kc5  Ke7
53. b6  Kd8  54. Rd2+
Ke8  55. Rd7  Rd8
56. Rxd8+  Kxd8  57. e6
Kc8  58. b7+  Kc7
59. e7  Kb8  60. e8=Q+
Ka7  61. Qa8#  1-0

[Event "MCR mladeze 2019 - D10"]
[Site "Kouty nad Desnou"]
[Date "2019.03.15"]
[Round "8"]
[White "Cerna, Miriam"]
[Black "Nechvatalova, Eva"]
[Result "1-0"]
[WhiteElo "1100"]
[BlackElo "1100"]
[EventDate "2019.03.09"]

1. e4  c5  2. Nf3  d6
3. d4  cxd4  4. Nxd4
Nf6  5. Nc3  g6
6. Bb5+  Bd7  7. O-O  Bg7
8. Be3  O-O  9. Bc4
Nc6  10. Bd5  Qc8
11. Re1  Re8  12. Qe2
Qc7  13. Qc4  Rec8
14. Ndb5  Qd8  15. Rad1
Ne5  16. Qb3  Bxb5
17. Qxb5  Nc6  18. Qe2
Qd7  19. Na4  Qc7
20. h3  Re8  21. Qc4
Rec8  22. Bxf7+  Kh8
23. Bd5  Qd8  24. b4
Rab8  25. b5  Ne5
26. Qb3  Nxd5  27. exd5
Ra8  28. Rd4  Nd7
29. Rh4  Nf6  30. Bg5
Qc7  31. c4  Re8
32. b6  axb6  33. Nxb6
Ra6  34. c5  dxc5
35. d6  Qxd6  36. Qf7
Nd7  37. Bh6  Rg8
38. Rxe7  Qd1+  39. Kh2
Qd6+  40. g3  Nf6
41. Bxg7+  1-0

[Event "MCR mladeze 2019 - D10"]
[Site "Kouty nad Desnou"]
[Date "2019.03.15"]
[Round "8"]
[White "Kodetova, Adriana"]
[Black "Buchtova, Viktorie"]
[Result "0-1"]
[WhiteElo "1029"]
[BlackElo "1233"]
[EventDate "2019.03.09"]

1. e4  e5  2. Nc3  Nf6
3. f4  d5  4. fxe5 Nxe4 5. Nxe4
dxe4  6. Qe2  Qh4+
7. g3  Qg4  8. Qxg4
Bxg4  9. d3  Bf5
10. dxe4  Bxe4  11. Bf4
Bxh1  12. O-O-O  Bc5
13. Bg5  O-O  14. Be2
Be4  15. Nf3  Nc6
16. Nd2  Bg6  17. h4
Nb4  18. Rf1  h5
19. g4  hxg4  20. Bxg4
Nxa2+  21. Kb1  Nb4
22. Bf5  Bxf5  23. Rxf5 Rfe8
24. c3  Nd3  25. Nc4
b5  26. Nd2  Rxe5
27. Rxe5  Nxe5  28. Ne4
Nd3  29. Kc2  f5
30. Nxc5  Nxc5  31. b4 Ne4
32. Bf4  a5  33. Bxc7
axb4  34. cxb4  Rc8
35. Kd3  Rxc7  36. Kd4
Rc3  37. Ke5  Nd6
38. Kf4  Rc4+  39. Ke3
Rxb4  40. Kd3  f4
41. Ke2  Rd4  42. h5
b4  43. h6  b3
44. h7+  Kxh7  45. Kf1  b2
46. Ke2  b1=Q  47. Kf3
Qb3+  48. Kg4  f3+
49. Kg5  Qb5#  0-1

[Event "MCR mladeze 2019 - D10"]
[Site "Kouty nad Desnou"]
[Date "2019.03.15"]
[Round "8"]
[White "Kubatova, Beta"]
[Black "Kubatova, Ema"]
[Result "1-0"]
[WhiteElo "1100"]
[BlackElo "1011"]
[EventDate "2019.03.09"]

1. e4  c5  2. Nf3  Nc6
3. d4  cxd4  4. Nxd4
Nf6  5. Nc3  d6
6. Bb5  Bd7  7. O-O  e6
8. Bg5  Be7  9. Re1
O-O  10. Nxc6  Bxc6
11. Bxc6  bxc6  12. Qf3 h6
13. Bh4  Re8  14. Rad1
Qd7  15. e5 Nd5  16. Bxe7
Nxe7 17. exd6 Nf5  18. Ne4  Rab8
19. Qg4  Rb5  20. Nf6+
Kh8  21. Nxd7  Rd8
22. c4 Rxb2  23. Ne5  Rf8
24. d7  Rbb8  25. d8=Q
Rbxd8  26. Rxd8  Kg8
27. Rxf8+  Kxf8  28. Nxc6
Nd6  29. Nxa7  f5 30. Qg6
Nxc4  31. Qxe6  Na5
32. Qxf5+  Kg8  33. Qxa5
Kh8  34. Qd8+  Kh7
35. Qf8  g6  36. Re7# 1-0

[Event "MCR mladeze 2019 - D10"]
[Site "Kouty nad Desnou"]
[Date "2019.03.15"]
[Round "8"]
[White "Slivova, Linda"]
[Black "Ticha, Valerie"]
[Result "1-0"]
[WhiteElo "1066"]
[BlackElo "1036"]
[EventDate "2019.03.09"]

1. e4  e5  2. Nc3  Nc6
3. g3  Bc5  4. Bg2
Nf6  5. Nge2  O-O
6. O-O  d6  7. Na4
Bg4  8. Nxc5  dxc5
9. f3  Be6  10. d3
h6  11. f4  Qd7
12. f5  Nd4  13. fxe6  Nxe2+
14. Qxe2  Qxe6  15. Qf3
Rad8  16. Qf5  Qb6
17. b3  Rfe8  18. Kh1
c6  19. Bb2  Qc7
20. g4  Qd7  21. h3
Qxf5  22. Rxf5  b5
23. Bxe5  c4  24. Bxf6
gxf6  25. bxc4  bxc4
26. dxc4  Rd2  27. c3
Rb8  28. Rff1  Rbb2
29. Rg1  Rbc2  30. Rad1 Re2 31.
Rc1  Rxa2  32. Rce1  Rec2
33. Rc1 a5 34. Rxc2  Rxc2  35.
Ra1 Rxc3 36. Rxa5  Rxc4  37. Rf5
Kg7  38. Kg1  Rc2  39. Kh2
c5  40. Kg3 c4 41. Rf2 Rc1 42. Rf1
Rxf1  43. Bxf1  c3
44. Bd3  Kg6  45. Kf4
h5  46. e5+  Kh6
47. exf6 hxg4 48. hxg4  c2  49.
g5+  Kh5  50. Bxc2  Kh4
51. g6  fxg6  52. Bxg6
Kh3  53. f7  Kh2
54. f8=Q  Kh1  55. Bb1
Kh2  56. Qg8  Kh1
57. Qg7  Kh2  58. Kf3 Kh1 59.
Qg2# 1-0

[Event "MCR mladeze 2019 - D10"]
[Site "Kouty nad Desnou"]
[Date "2019.03.15"]
[Round "8"]
[White "Janouskova, Eliska"]
[Black "Stavova, Lucie"]
[Result "1-0"]
[WhiteElo "1069"]
[BlackElo "1100"]
[EventDate "2019.03.09"]

1. e4  e5 2. Nf3  Nc6  3. Bc4
Nf6  4. Nc3  Bc5
5. d3  h6  6. Be3
Bb6  7. Qd2  d6
8. O-O-O  Be6  9. Bb3  Qd7
10. h3  O-O-O  11. Kb1
Ba5  12. d4  exd4
13. Nxd4  Nxe4  14. Qd3
Nxc3+  15. bxc3  Nxd4
16. Qxd4  Bb6  17. Qb4
Bxe3  18. fxe3 Bxb3  19. Qxb3
Qf5  20. Rd5  Qf6
21. Ra5  b6  22. Rxa7
Rhe8  23. Qc4  Re7
24. Qc6  1-0

[Event "MCR mladeze 2019 - D10"]
[Site "Kouty nad Desnou"]
[Date "2019.03.15"]
[Round "8"]
[White "Bazantova, Adela"]
[Black "Barteckova, Nikol"]
[Result "0-1"]
[WhiteElo "1088"]
[BlackElo "1056"]
[EventDate "2019.03.09"]

1. e4  e5  2. Nf3  Nc6
3. d4  exd4  4. Nxd4
Bc5  5. Nxc6  bxc6
6. c4  Nf6  7. e5
Ne4  8. Qf3  Nxf2
9. Rg1  O-O  10. Nc3
Re8  11. Bf4  Ba6
12. O-O-O  Nd3+  13. Bxd3
Bxg1  14. Rxg1  Rb8
15. Qg3  Qc8  16. Bh6
g6  17. Qf4  Qb7
18. b3  f5  19. Bxf5
Qb6  20. Bxg6  Qxg1+
21. Kc2  Qxg2+  22. Kc1
Qxg6  23. Qe3  d6
24. Bf4  Kh8  25. Qd4
Kg8  26. exd6  cxd6
27. Qd2  Rbd8  28. Bg5
Rd7  29. Bh4  d5
30. cxd5  cxd5 31. b4  Qd3
32. Qg5+  Rg7  33. Qf6
Rg1+  34. Kb2  d4
35. Kb3  Qxc3+  36. Ka4
Ra1  37. Qxa6  Rxa2+
38. Kb5  Rxa6  39. Kxa6
Qxb4  40. Bf2  Rb8 0-1

[Event "MCR mladeze 2019 - D10"]
[Site "Kouty nad Desnou"]
[Date "2019.03.15"]
[Round "8"]
[White "Mikesova, Lenka"]
[Black "Stepanyshyn, Katerina"]
[Result "1-0"]
[WhiteElo "1040"]
[BlackElo "1100"]
[EventDate "2019.03.09"]

1. e4  d5  2. exd5  Nf6
3. d4  Nxd5  4. Nf3
Nc6  5. Nc3  e6
6. Bc4  Bb4  7. O-O  O-O
8. Nxd5  exd5  9. Bd3
Bd6  10. Be3  Qf6
11. b3  Bg4  12. c4
dxc4  13. bxc4  Nb4
14. Be2  c6  15. a3
Na6  16. Qd2  Bc7
17. c5  Bb8  18. Rab1
b6  19. Qd1  Qd8
20. Bxa6  Qc7  21. g3
Qe7  22. cxb6  axb6
23. Rxb6  Bc7  24. Rxc6
Qe4  25. Bb7  Bxf3
26. Rxc7  Bxd1  27. Bxe4
Rae8  28. Rxd1  Rxe4
29. d5  Rd8  30. Rdc1
h6  31. Rc8  Rf8
32. Rxf8+  Kxf8  33. d6
Re8  34. d7  Rd8
35. Rc8  Rxc8  36. dxc8=Q+
Ke7  37. Qc6  g5
38. Bc5+  Kd8  39. a4
f6  40. a5  f5
41. a6  f4  42. a7  fxg3
43. a8=R#  1-0

[Event "MCR mladeze 2019 - D12"]
[Site "Kouty nad Desnou"]
[Date "2019.03.15"]
[Round "8"]
[White "Dudkova, Josefina"]
[Black "Janouskova, Adela"]
[Result "1/2-1/2"]
[WhiteElo "1393"]
[BlackElo "1258"]
[EventDate "2019.03.09"]

1. e4  c5  2. Nf3  d6
3. d4  cxd4  4. Nxd4
Nf6  5. Nc3  g6
6. f4  Nc6  7. Nxc6  bxc6
8. e5  dxe5  9. Qxd8+
Kxd8  10. fxe5  Ng4
11. Bf4  Bg7  12. O-O-O+
Ke8  13. Re1  Bh6
14. Bxh6  Nxh6  15. Be2
Bd7  16. Bf3  Rc8
17. Ne4  Nf5  18. Nc5
Rc7  19. Rd1  Bc8
20. Rd3  Kf8  21. Re1
e6  22. Ne4  Kg7
23. Rc3  Bb7  24. Rd1
Ba8  25. Nd6  Ne7
26. Rd4  Rb8  27. b4
a6  28. a4  Nf5
29. Nxf5+  exf5  30. Rdc4  Rb6
31. a5  Rb5  32. Bxc6
Bxc6  33. Rxc6  Rxc6
34. Rxc6  Rxb4  35. e6
fxe6  36. Rxe6  Re4
37. Rxe4  fxe4  38. Kd2
Kf6  39. Ke3  Ke5
40. g3  g5  41. h3
h6 1/2-1/2

[Event "MCR mladeze 2019 - D12"]
[Site "Kouty nad Desnou"]
[Date "2019.03.15"]
[Round "8"]
[White "Martinkova, Magdalena"]
[Black "Veverkova, Dorota"]
[Result "0-1"]
[WhiteElo "1387"]
[BlackElo "1315"]
[EventDate "2019.03.09"]

1. e4  c6  2. d4  d5
3. Nc3  dxe4  4. Nxe4
Bf5  5. Ng3  Bg6
6. h4  h6  7. h5
Bh7  8. Nf3  Nd7
9. Bd3  Bxd3  10. Qxd3 Ngf6
11. Bd2  Qb6  12. O-O-O
O-O-O  13. c4  Qa6
14. Qb3  e6  15. Bc3
Bd6  16. Ne5  Rhf8
17. Rhe1  Qb6  18. Qxb6
axb6  19. Rd2  c5
20. Nxd7  Rxd7  21. Red1
Bxg3  22. fxg3  Nxh5
23. d5  exd5  24. Rxd5
Rxd5  25. Rxd5  g5
26. Be5  Rd8  27. g4
Nf4  28. Bxf4  Rxd5
29. cxd5  gxf4  30. Kd2
Kd7  31. Kd3  b5
32. Ke4  c4  33. Kd4
Kd6  34. a4  bxa4
35. Kxc4  f6  36. Kb4
Kxd5  37. Kxa4  Kc4
38. b4  b6  39. b5
Kc5  40. Ka3  Kxb5
41. Kb3  Kc5  42. Kc3
b5  43. Kb3  b4
44. Kb2  Kc4  45. Kc2  b3+
46. Kb2  Kd3  0-1

[Event "MCR mladeze 2019 - D12"]
[Site "Kouty nad Desnou"]
[Date "2019.03.15"]
[Round "8"]
[White "Cinkova, Vicky"]
[Black "Zelbova, Lada"]
[Result "0-1"]
[WhiteElo "1124"]
[BlackElo "1221"]
[EventDate "2019.03.09"]

1. Nf3  c5  2. e4  d6
3. d4  cxd4  4. Nxd4
Nf6  5. Nc3  a6
6. Bg5  e6  7. Qe2  Be7
8. f4  e5  9. fxe5
dxe5  10. Nf3  Nc6
11. g3  Bg4  12. Bg2
Nd4  13. Qf2  Bc5
14. Nxd4  exd4  15. Nd5
Qa5+  16. c3  dxc3
17. Nxf6+  gxf6  18. Qxf6
cxb2+  19. Bd2  Bf2+
20. Kxf2  Qxd2+  21. Kg1
Qe3+ 0-1

[Event "MCR mladeze 2019 - D12"]
[Site "Kouty nad Desnou"]
[Date "2019.03.15"]
[Round "8"]
[White "Vavrinkova, Marie"]
[Black "Havelkova, Beata"]
[Result "0-1"]
[WhiteElo "1236"]
[BlackElo "1359"]
[EventDate "2019.03.09"]

1. d4  d5  2. c4  e6
3. cxd5  exd5  4. Nc3
Nf6  5. Bg5  c6
6. e3  Bf5  7. Bd3  Bxd3
8. Qxd3  Be7  9. Nf3
Nbd7  10. O-O  O-O
11. h3  Re8  12. Rab1
Ne4  13. Bf4  Ndf6
14. a3  Qa5  15. Rfc1
Rac8  16. Ne5  Bd6
17. Bh2  Nxc3  18. Rxc3
Qc7  19. Qf5  Ne4
20. Rc2  f6  21. Nf3
g6  22. Qg4  Re7
23. Bxd6  Nxd6  24. Nh4
Rg7  25. Qe6+  Rf7
26. Qg4  Qd8  27. b4
f5  28. Qg3  Ne4
29. Qf4  g5  30. Qxf5
Rxf5  31. Nxf5  Qf6
32. g4  Nd6  33. Ng3
Qg6  34. Rcb2  Nc4
35. Rb3  Nd2 0-1